00940nam a2200217 i 4500001000300000245011500003246004600118260004100164300002100205490005400226500006500280650006200345650005900407700003200466830005400498040000800552041000700560080001600567008004100583856009800624bg00aSzkoły wyższe i ich finanse w 1997 r /cGłówny Urząd Statystyczny ; [oprac. Małgorzata Dubik et al.].11aHigher schools and their finances in 1997 aWarszawa :bEditiorial Board,c1998. a444 s. ;c29 cm.1 aInformacje i Opracowania Statystyczne,x1506-2163 aTyt. równol.: "Higher schools and their finances in 1997". 9aSzkolnictwo wyższexstatystykazPolskaystan na 1997 r. 9aSzkolnictwo wyższexfinansezPolskaystan na 1997 r.1 aDUBIK, Małgorzata.eOprac. aInformacje i Opracowania Statystyczne,x1506-2163 cBPK0 apl a378(083.41) s pl f |000 0 pol  uhttp://koha.tu.koszalin.pl/cgi-bin/koha/opac-detail.pl?biblionumber=25353yKatalog online BPK